[Event "Schwarzacher op 35th"]
[Site "Schwarzach"]
[Date "2022.07.23"]
[Round "8"]
[White "Dgebuadze, Alexandre"]
[Black "Krstic, Uros"]
[Result "1-0"]
[WhiteElo "2458"]
[BlackElo "2327"]
[PlyCount "78"]
[EventDate "2022.07.17"]
[EventType "swiss"]
[EventRounds "9"]
[EventCountry "AUT"]
[SourceTitle "CBM 209 Extra"]
[Source "ChessBase"]
[SourceDate "2022.09.30"]
[SourceVersion "1"]
[SourceVersionDate "2022.09.30"]
[SourceQuality "1"]

1. e4 e5 2. Nf3 Nc6 3. Bb5 g6 4. c3 a6 5. Ba4 b5 6. Bb3 Bg7 7. d4 exd4 8. cxd4 Nge7 9. h3 0-0 10. Nc3 d6 11. Bg5 h6 12. Be3 Na5 13. 0-0 Nxb3 14. Qxb3 Kh7 15. Rfe1 f5 16. Rac1 f4 17. Bd2 c5 18. e5 c4 19. Qa3 dxe5 20. Nxb5 Bf5 21. Nd6 e4 22. Nxe4 Nc6 23. Nd6 Rb8 24. Nxc4 Rf6 25. Qa4 g5 26. Nfe5 Rb5 27. Qd1 Ne7 28. Bc3 Nd5 29. a4 Rb7 30. Qf3 Qg8 31. Nd3 Rc6 32. Na5 Rcc7 33. Nxb7 Rxb7 34. Ba5 Rd7 35. Rc6 h5 36. Ne5 g4 37. hxg4 hxg4 38. Nxg4 Bxd4 39. Qh3+ Kg7 1-0

[Event "Schwarzacher op 35th"]
[Site "Schwarzach"]
[Date "2022.07.22"]
[Round "7"]
[White "Krstic, Uros"]
[Black "Ostovic, Matija"]
[Result "1/2-1/2"]
[WhiteElo "2327"]
[BlackElo "2391"]
[PlyCount "48"]
[EventDate "2022.07.17"]
[EventType "swiss"]
[EventRounds "9"]
[EventCountry "AUT"]
[SourceTitle "CBM 209 Extra"]
[Source "ChessBase"]
[SourceDate "2022.09.30"]
[SourceVersion "1"]
[SourceVersionDate "2022.09.30"]
[SourceQuality "1"]

1. e4 c5 2. Nf3 d6 3. g3 Nf6 4. c3 Nc6 5. Qe2 e5 6. Bg2 Be7 7. d3 0-0 8. 0-0 Re8 9. h3 Bf8 10. a4 h6 11. Na3 Be6 12. Nd2 Qd7 13. Kh2 d5 14. Nc2 Rad8 15. Re1 Qc7 16. Qf1 Na5 17. c4 dxc4 18. dxc4 Nc6 19. Ne3 Nb4 20. Ra3 Rd4 21. Rd1 Red8 22. Nd5 Bxd5 23. exd5 e4 24. Re3 Re8 1/2-1/2

[Event "Schwarzacher op 35th"]
[Site "Schwarzach"]
[Date "2022.07.18"]
[Round "3"]
[White "Krstic, Uros"]
[Black "Zelcic, Robert"]
[Result "0-1"]
[WhiteElo "2327"]
[BlackElo "2496"]
[PlyCount "98"]
[EventDate "2022.07.17"]
[EventType "swiss"]
[EventRounds "9"]
[EventCountry "AUT"]
[SourceTitle "CBM 209 Extra"]
[Source "ChessBase"]
[SourceDate "2022.09.30"]
[SourceVersion "1"]
[SourceVersionDate "2022.09.30"]
[SourceQuality "1"]

1. e4 c6 2. d4 d5 3. exd5 cxd5 4. Bf4 Nc6 5. c3 e6 6. Nf3 Bd6 7. Bg3 Nge7 8. Bd3 f6 9. Nbd2 0-0 10. Qc2 h6 11. 0-0-0 Bxg3 12. hxg3 Bd7 13. Nb3 e5 14. dxe5 fxe5 15. Nc5 Bg4 16. Be4 Qd6 17. Nxb7 Qc7 18. Bh7+ Kh8 19. Nc5 e4 20. Rh4 Bxf3 21. gxf3 Rxf3 22. Nxe4 dxe4 23. Bxe4 Rf6 24. f4 Rb8 25. Rh2 Na5 26. Rhd2 Rff8 27. Rd7 Qc5 28. R1d4 Nec6 29. Bxc6 Qxc6 30. Rxa7 Nc4 31. b3 Qh1+ 32. Qd1 Qxd1+ 33. Rxd1 Ne3 34. Rdd7 Rg8 35. Kd2 Nf1+ 36. Ke2 Nxg3+ 37. Kf3 Nf5 38. Rd5 Rgf8 39. c4 Rbe8 40. Raa5 g6 41. Re5 Rxe5 42. fxe5 Kg7 43. b4 Nd6+ 44. Ke2 Nxc4 45. Rc5 Nb6 46. Rc7+ Rf7 47. Rc6 Nd5 48. b5 Ra7 49. Rd6 Nc3+ 0-1

[Event "Schwarzacher op 35th"]
[Site "Schwarzach"]
[Date "2022.07.17"]
[Round "2"]
[White "Kejzar, Petra"]
[Black "Krstic, Uros"]
[Result "0-1"]
[WhiteElo "2087"]
[BlackElo "2327"]
[PlyCount "96"]
[EventDate "2022.07.17"]
[EventType "swiss"]
[EventRounds "9"]
[EventCountry "AUT"]
[SourceTitle "CBM 209 Extra"]
[Source "ChessBase"]
[SourceDate "2022.09.30"]
[SourceVersion "1"]
[SourceVersionDate "2022.09.30"]
[SourceQuality "1"]

1. c4 g6 2. g3 Bg7 3. Bg2 e5 4. Nc3 Nc6 5. e3 Nge7 6. Nge2 Nf5 7. Rb1 a5 8. a3 0-0 9. b4 axb4 10. axb4 Re8 11. 0-0 d6 12. d3 Nce7 13. Bb2 c6 14. e4 Nh6 15. h3 Be6 16. f4 f5 17. Kh2 Nf7 18. fxe5 dxe5 19. Na4 Bxc4 20. Nc5 Ba2 21. Ra1 Qd6 22. Nc3 Be6 23. N3a4 b5 24. Nxe6 Qxe6 25. Nc5 Qd6 26. Qb3 Bf6 27. Rae1 Ra7 28. d4 exd4 29. exf5 Be5 30. Ne4 Qb8 31. fxg6 Nxg6 32. Rf5 Kg7 33. Ref1 Nh6 34. R5f2 Ree7 35. Nc5 Qd6 36. Bc1 Nf7 37. Ne6+ Kh8 38. Rxf7 Rxf7 39. Ng5 Rfe7 40. Nf7+ Rxf7 41. Rxf7 Rxf7 42. Qxf7 Bxg3+ 43. Kg1 Bf4 44. Bxf4 Nxf4 45. Qe8+ Kg7 46. Qxc6 Nxh3+ 47. Kf1 Qf4+ 48. Qf3 Qc1+ 0-1

[Event "AUT-chT2W 2122"]
[Site "Austria"]
[Date "2022.02.20"]
[Round "5.3"]
[White "Hess, Max"]
[Black "Krstic, Uros"]
[Result "0-1"]
[WhiteElo "2415"]
[BlackElo "2339"]
[PlyCount "82"]
[EventDate "2021.10.15"]
[EventType "team-tourn"]
[EventRounds "11"]
[EventCountry "AUT"]
[SourceTitle "EXT 2023"]
[Source "ChessBase"]
[SourceDate "2022.10.05"]
[SourceVersion "1"]
[SourceVersionDate "2022.10.05"]
[SourceQuality "1"]
[WhiteTeam "Schach ohne Grenzen"]
[BlackTeam "Schwarzach"]
[WhiteTeamCountry "AUT"]
[BlackTeamCountry "AUT"]

1. d4 Nf6 2. Nf3 d6 3. g3 c6 4. Bg2 Qa5+ 5. Nbd2 Bf5 6. 0-0 e6 7. Nh4 Bg4 8. h3 Bh5 9. g4 Bg6 10. e4 d5 11. e5 Nfd7 12. f4 Be7 13. Nxg6 hxg6 14. Nb3 Qb6 15. f5 gxf5 16. gxf5 exf5 17. Rxf5 g6 18. Rf1 Nf8 19. Be3 Nbd7 20. Qe2 Ne6 21. c4 Nc7 22. c5 Qa6 23. Qd2 Ne6 24. a4 b6 25. cxb6 Qxb6 26. Qd3 Rb8 27. Nd2 Ndf8 28. Rac1 Nd8 29. Rc2 Nfe6 30. Nf3 Qb4 31. Qa6 Qb6 32. Qe2 Qa5 33. Ra1 Rb3 34. Bd2 Qb6 35. Bc3 Nf4 36. Qf1 Nde6 37. a5 Qb5 38. Nd2 Ne2+ 39. Kh2 Bg5 40. Qf2 Qd3 41. Bf3 N6f4 0-1

[Event "CRO-chT1B 29th"]
[Site "Mali Losinj"]
[Date "2021.09.30"]
[Round "8.2"]
[White "Ascic, Pero"]
[Black "Krstic, Uros"]
[Result "1/2-1/2"]
[WhiteElo "2289"]
[BlackElo "2339"]
[PlyCount "46"]
[EventDate "2021.09.25"]
[EventType "team-tourn"]
[EventRounds "11"]
[EventCountry "CRO"]
[SourceTitle "CBM 204 Extra"]
[Source "ChessBase"]
[SourceDate "2021.11.30"]
[SourceVersion "1"]
[SourceVersionDate "2021.11.30"]
[SourceQuality "1"]
[WhiteTeam "Djakovo Limmont"]
[BlackTeam "Strigova Stridon"]
[WhiteTeamCountry "CRO"]
[BlackTeamCountry "CRO"]

1. e4 c6 2. d4 d5 3. Nd2 dxe4 4. Nxe4 Nd7 5. Nf3 Ndf6 6. Nxf6+ Nxf6 7. Be2 Bg4 8. 0-0 e6 9. c3 Be7 10. Ne5 Bxe2 11. Qxe2 0-0 12. Bg5 h6 13. Bh4 Re8 14. Nd3 Qd5 15. Rfe1 Rad8 16. h3 Nd7 17. Bxe7 Rxe7 18. Red1 a5 19. a4 Qb3 20. Nc1 Qd5 21. Nd3 Ree8 22. Qc2 Qc4 23. Re1 c5 1/2-1/2

[Event "CRO-chT1B 28th"]
[Site "Mali Losinj"]
[Date "2019.10.04"]
[Round "7.53"]
[White "Krstic, Uros"]
[Black "Fercec, Nenad"]
[Result "1/2-1/2"]
[WhiteElo "2354"]
[BlackElo "2439"]
[PlyCount "126"]
[EventDate "2019.09.28"]
[EventType "team-tourn"]
[EventRounds "9"]
[EventCountry "CRO"]
[SourceTitle "EXT 2020"]
[Source "ChessBase"]
[SourceDate "2019.10.17"]
[SourceVersion "1"]
[SourceVersionDate "2019.10.17"]
[SourceQuality "1"]
[WhiteTeam "Strigova Stridon"]
[BlackTeam "Pula"]
[WhiteTeamCountry "CRO"]
[BlackTeamCountry "CRO"]

1. e4 c5 2. Nf3 d6 3. c3 Nf6 4. Be2 Nbd7 5. d3 c4 6. d4 Nxe4 7. Bxc4 Nef6 8. 0-0 d5 9. Bd3 g6 10. Re1 Bg7 11. Bf4 0-0 12. h3 b6 13. Nbd2 Bb7 14. Ne5 Nh5 15. Bh2 Nxe5 16. Bxe5 Bxe5 17. Rxe5 Nf4 18. Bf1 f6 19. Re1 e5 20. g3 Nh5 21. dxe5 fxe5 22. Rxe5 d4 23. Ne4 Nf6 24. Nxf6+ Qxf6 25. Qxd4 Rad8 26. Bc4+ Kh8 27. Re6 Qxd4 28. cxd4 Rxd4 29. Be2 Bc8 30. Re7 Bxh3 31. Rc1 Rd7 32. Rxd7 Bxd7 33. Rc7 Be6 34. Rxa7 Bd5 35. b3 Rc8 36. f4 Rc2 37. Kf2 Be6 38. Ke3 Rc3+ 39. Kf2 Rc2 40. Ke3 Rc3+ 41. Bd3 Bf5 42. Ra8+ Kg7 43. Rd8 b5 44. Kd2 b4 45. Rd4 h5 46. Bxf5 gxf5 47. Rd3 Rc7 48. Rd5 Kg6 49. Rd6+ Kg7 50. Rb6 Rc3 51. Rb7+ Kg6 52. Rb6+ Kg7 53. Rb5 Rxg3 54. Rb7+ Kg6 55. Rb6+ Kg7 56. Re6 h4 57. Ke1 h3 58. Kf2 Rg2+ 59. Kf1 Rxa2 60. Kg1 Rg2+ 61. Kh1 Rg3 62. Rb6 Rf3 63. Kh2 Kf7 1/2-1/2

[Event "Schwarzach op 34th"]
[Site "Schwarzach"]
[Date "2019.07.15"]
[Round "3"]
[White "Kett, Timothy"]
[Black "Krstic, Uros"]
[Result "0-1"]
[WhiteElo "2252"]
[BlackElo "2362"]
[PlyCount "104"]
[EventDate "2019.07.13"]
[EventType "swiss"]
[EventRounds "9"]
[EventCountry "AUT"]
[SourceTitle "EXT 2020"]
[Source "ChessBase"]
[SourceDate "2019.10.17"]
[SourceVersion "1"]
[SourceVersionDate "2019.10.17"]
[SourceQuality "1"]

1. d4 Nf6 2. Nc3 d5 3. Bf4 c6 4. e3 Bf5 5. Bd3 Bg6 6. Nf3 Nbd7 7. Ne5 e6 8. h4 Nxe5 9. Bxe5 Bxd3 10. cxd3 h5 11. Qe2 Ng4 12. 0-0-0 Nxe5 13. dxe5 d4 14. Ne4 Qd5 15. exd4 Qxa2 16. Nc3 Qb3 17. Qc2 Qb6 18. Ne2 0-0-0 19. Rh3 Kb8 20. Rf3 Rd7 21. Kb1 Qd8 22. g3 g6 23. Qa4 Bh6 24. Kc2 Qb6 25. Ra1 Rc8 26. Ra3 Ka8 27. Rb3 Qd8 28. Ra3 a6 29. Kb1 Rcc7 30. Rb3 Rd5 31. Rb4 Rcd7 32. Qb3 Qc7 33. Qc4 c5 34. dxc5 Rxc5 35. Qb3 Qxe5 36. d4 Qe4+ 37. Qd3 Qxd3+ 38. Rxd3 Rc6 39. d5 exd5 40. Nc3 Bf8 41. Rbd4 Bc5 42. Rxd5 Rxd5 43. Nxd5 Bxf2 44. Rf3 Be1 45. Rxf7 Bxg3 46. Ne7 Re6 47. Rg7 Bxh4 48. Nxg6 Re1+ 49. Kc2 Rg1 50. Kd3 Rg4 51. Ke3 Ka7 52. Kf3 Bf6 0-1

[Event "Schwarzach op 34th"]
[Site "Schwarzach"]
[Date "2019.07.13"]
[Round "1"]
[White "Watson, Ron H"]
[Black "Krstic, Uros"]
[Result "1/2-1/2"]
[WhiteElo "2105"]
[BlackElo "2362"]
[PlyCount "55"]
[EventDate "2019.07.13"]
[EventType "swiss"]
[EventRounds "9"]
[EventCountry "AUT"]
[SourceTitle "EXT 2020"]
[Source "ChessBase"]
[SourceDate "2019.10.17"]
[SourceVersion "1"]
[SourceVersionDate "2019.10.17"]
[SourceQuality "1"]

1. d4 d6 2. e4 Nf6 3. Nc3 c6 4. Nf3 Bg4 5. h3 Bh5 6. Bd3 e6 7. Be3 d5 8. e5 Nfd7 9. g4 Bg6 10. Bxg6 hxg6 11. Qd3 a6 12. Ng5 Qe7 13. f4 c5 14. f5 gxf5 15. gxf5 cxd4 16. fxe6 Nxe5 17. Qf5 fxe6 18. Qxe5 Nc6 19. Qxe6 dxc3 20. bxc3 Rh6 21. Qxe7+ Bxe7 22. Rd1 Rd8 23. Kf2 Rd7 24. Rhe1 Kf8 25. Kg2 Rg6 26. h4 Kg8 27. Bf4 Bxg5 28. hxg5 1/2-1/2

[Event "CRO Cup"]
[Site "Mali Losinj"]
[Date "2019.05.19"]
[Round "6.71"]
[White "Krstic, Uros"]
[Black "Fercec, Nenad"]
[Result "1/2-1/2"]
[WhiteElo "2361"]
[BlackElo "2447"]
[PlyCount "71"]
[EventDate "2019.05.15"]
[EventType "team-swiss"]
[EventRounds "6"]
[EventCountry "CRO"]
[SourceTitle "CBM 190 Extra"]
[Source "ChessBase"]
[SourceDate "2019.07.15"]
[SourceVersion "1"]
[SourceVersionDate "2019.07.15"]
[SourceQuality "1"]
[WhiteTeam "Strigova Stridon"]
[BlackTeam "Pula"]
[WhiteTeamCountry "CRO"]
[BlackTeamCountry "CRO"]

1. Nf3 d5 2. g3 Nf6 3. Bg2 g6 4. 0-0 Bg7 5. d3 0-0 6. Nbd2 Nc6 7. e4 e5 8. a3 h6 9. b4 Be6 10. Bb2 dxe4 11. dxe4 Nd7 12. Nb3 a6 13. Qe2 Qe7 14. Rfd1 b5 15. Nfd2 Rfd8 16. c4 bxc4 17. Nxc4 Nb6 18. Nca5 Rxd1+ 19. Rxd1 Nxa5 20. Nxa5 c5 21. Bc3 Na4 22. Be1 cxb4 23. Bxb4 Qc7 24. Qd2 Bf8 25. Rc1 Bxb4 26. axb4 Rd8 27. Qxh6 Nc3 28. Bf1 Rc8 29. Kg2 Qb6 30. Qe3 Qxb4 31. Bxa6 Rc7 32. Nb7 Nd5 33. exd5 Bxd5+ 34. Kf1 Rxc1+ 35. Qxc1 Bxb7 36. Bxb7 1/2-1/2

[Event "HUN-chT2 Charousek 1819"]
[Site "Hungary"]
[Date "2019.02.24"]
[Round "8.3"]
[White "Orso, Miklos"]
[Black "Krstic, Uros"]
[Result "1/2-1/2"]
[WhiteElo "2302"]
[BlackElo "2366"]
[PlyCount "27"]
[EventDate "2018.09.23"]
[EventType "team-tourn"]
[EventRounds "11"]
[EventCountry "HUN"]
[SourceTitle "CBM 189 Extra"]
[Source "ChessBase"]
[SourceDate "2019.06.03"]
[SourceVersion "1"]
[SourceVersionDate "2019.06.03"]
[SourceQuality "1"]
[WhiteTeam "Aquaprofit Nagykanizsa II"]
[BlackTeam "Haladas Szombathely II"]
[WhiteTeamCountry "HUN"]
[BlackTeamCountry "HUN"]

1. Nf3 g6 2. d4 Bg7 3. c4 d6 4. Nc3 Nd7 5. e4 e5 6. Bg5 f6 7. Bh4 Nh6 8. Be2 Nf7 9. d5 a5 10. Nd2 Nc5 11. Nb3 h5 12. f3 Bh6 13. Bf2 b6 14. Nxc5 1/2-1/2

[Event "CRO-chT1B 27th"]
[Site "Biograd"]
[Date "2018.09.23"]
[Round "9.13"]
[White "Saric, Ibro"]
[Black "Krstic, Uros"]
[Result "1-0"]
[WhiteElo "2546"]
[BlackElo "2364"]
[PlyCount "129"]
[EventDate "2018.09.15"]
[EventType "team-swiss"]
[EventRounds "9"]
[EventCountry "CRO"]
[SourceTitle "CBM 186 Extra"]
[Source "ChessBase"]
[SourceDate "2018.08.24"]
[SourceVersion "1"]
[SourceVersionDate "2018.08.24"]
[SourceQuality "1"]
[WhiteTeam "Split Mornar"]
[BlackTeam "Strigova Stridon"]
[WhiteTeamCountry "CRO"]
[BlackTeamCountry "CRO"]

1. e4 c6 2. d4 d5 3. e5 c5 4. dxc5 e6 5. Nf3 Bxc5 6. Bd3 Nc6 7. 0-0 Nge7 8. Nbd2 Ng6 9. Nb3 Bb6 10. Re1 Bd7 11. Be3 Bc7 12. Bxg6 hxg6 13. Bd4 Nxd4 14. Nbxd4 Bb6 15. c3 Rc8 16. Qd2 Bc5 17. g3 Be7 18. h4 Rh5 19. Kg2 Qb6 20. Rh1 f6 21. Rae1 f5 22. Ng5 Bc5 23. Nh3 Bxd4 24. cxd4 Rc4 25. Rd1 a5 26. Nf4 Rh6 27. b3 Rb4 28. Qe3 a4 29. bxa4 Bxa4 30. Rd2 Kf7 31. Nd3 Rc4 32. Nf4 Bc6 33. h5 gxh5 34. Rxh5 Qb1 35. Rxh6 gxh6 36. Nd3 Kg6 37. Qf3 Kg7 38. Rd1 Qc2 39. Nf4 Qe4 40. Nxe6+ Kf7 41. Nf4 Rc2 42. Rh1 Rd2 43. Rxh6 Rxd4 44. Ne6 Qxf3+ 45. Kxf3 Ra4 46. Nd8+ Kg7 47. Rd6 Be8 48. Rxd5 Rxa2 49. Ne6+ Kf7 50. Nd4 Ke7 51. Ke3 Bd7 52. f3 Ra4 53. Rd6 Ra3+ 54. Kf4 Ra4 55. Kg5 Ra3 56. Rb6 Rd3 57. Rb4 Bc8 58. Kf4 Bd7 59. Rc4 Ra3 60. Rc7 Ra4 61. e6 Rxd4+ 62. Ke5 Rd3 63. Rxd7+ Rxd7 64. exd7 Kxd7 65. Kxf5 1-0

[Event "CRO-chT1B 27th"]
[Site "Biograd"]
[Date "2018.09.15"]
[Round "1.13"]
[White "Zilka, Stepan"]
[Black "Krstic, Uros"]
[Result "1-0"]
[WhiteElo "2521"]
[BlackElo "2364"]
[PlyCount "129"]
[EventDate "2018.09.15"]
[EventType "team-swiss"]
[EventRounds "9"]
[EventCountry "CRO"]
[SourceTitle "CBM 186 Extra"]
[Source "ChessBase"]
[SourceDate "2018.08.24"]
[SourceVersion "1"]
[SourceVersionDate "2018.08.24"]
[SourceQuality "1"]
[WhiteTeam "Zagreb Hask Mladost"]
[BlackTeam "Strigova Stridon"]
[WhiteTeamCountry "CRO"]
[BlackTeamCountry "CRO"]

1. e4 e5 2. Nf3 Nc6 3. Bc4 Nf6 4. d3 Be7 5. 0-0 0-0 6. Re1 d6 7. a4 Be6 8. Nbd2 Qd7 9. Bxe6 fxe6 10. Nc4 Rae8 11. c3 Kh8 12. b4 Bd8 13. Be3 a6 14. h3 Ne7 15. Ncd2 Ng6 16. g3 h6 17. a5 Be7 18. Qa4 c6 19. Qd1 d5 20. Kg2 d4 21. cxd4 exd4 22. Nxd4 Bxb4 23. Nc2 Bxd2 24. Qxd2 Ne5 25. Red1 Rd8 26. Qe2 Qe8 27. Bb6 Rd7 28. Bc5 Rg8 29. f4 Nf7 30. Ne3 Kh7 31. Rf1 Qd8 32. Bb6 Qe7 33. Nc4 c5 34. Ne5 Nxe5 35. fxe5 Ne8 36. Rac1 Nc7 37. Bxc5 Qg5 38. d4 Nb5 39. Rc4 Rgd8 40. h4 Qg6 41. Qe3 Rf7 42. Rcc1 Rxf1 43. Rxf1 Kg8 44. Kh3 h5 45. Rf4 Kh7 46. Kh2 Rd7 47. Qf2 Rd8 48. Qb2 Kg8 49. Qb4 Kh7 50. Qc4 Qe8 51. Rf8 Qd7 52. Rxd8 Qxd8 53. Qxe6 Qxa5 54. Qf5+ Kg8 55. Qxh5 Qd2+ 56. Kh3 Nxd4 57. Qe8+ Kh7 58. Qd7 Nb3 59. Qf5+ Kh8 60. e6 Qd1 61. e7 Qh1+ 62. Kg4 Qd1+ 63. Kg5 Qc1+ 64. Kg6 Qh6+ 65. Kf7 1-0

[Event "CRO Cup"]
[Site "Mali Losinj"]
[Date "2018.05.19"]
[Round "5.32"]
[White "Muha, Miljenko"]
[Black "Krstic, Uros"]
[Result "1-0"]
[WhiteElo "2384"]
[BlackElo "2377"]
[PlyCount "113"]
[EventDate "2018.05.16"]
[EventType "team-swiss"]
[EventRounds "6"]
[EventCountry "CRO"]
[SourceTitle "CBM 184 Extra"]
[Source "ChessBase"]
[SourceDate "2018.06.28"]
[SourceVersion "1"]
[SourceVersionDate "2018.06.28"]
[SourceQuality "1"]
[WhiteTeam "Split Brda"]
[BlackTeam "Strigova Stridon"]
[WhiteTeamCountry "CRO"]
[BlackTeamCountry "CRO"]

1. d4 d6 2. e4 Nf6 3. Nc3 Nbd7 4. Nf3 e5 5. Bc4 Be7 6. 0-0 0-0 7. a4 c6 8. Re1 b6 9. d5 Bb7 10. dxc6 Bxc6 11. Bg5 h6 12. Bxf6 Nxf6 13. Qd3 Rc8 14. Nd2 Ba8 15. Bb3 Rc5 16. Rad1 Qb8 17. Nf1 Rfc8 18. Ng3 g6 19. Qf3 Kg7 20. Nge2 Bb7 21. Nc1 Qa8 22. N1a2 a5 23. Qe3 h5 24. Kh1 h4 25. f3 Bc6 26. Nc1 Bb7 27. Nd3 R5c6 28. Nf2 Rc5 29. Nh3 Bc6 30. Re2 Qb7 31. Nf2 Bd7 32. Nd3 Rxc3 33. bxc3 Rxc3 34. Rb1 b5 35. Bxf7 Rxd3 36. Qxd3 Kxf7 37. axb5 Qb6 38. Qe3 Bd8 39. Qh6 a4 40. Qd2 Qc5 41. Qe3 Qc4 42. b6 Bb5 43. b7 Nd7 44. Qd3 Qxd3 45. cxd3 Bxd3 46. b8Q Nxb8 47. Rxb8 Bxe2 48. Rxd8 Ke7 49. Ra8 Bd1 50. Kg1 Kd7 51. Kf2 Kc7 52. Ke1 Kb7 53. Ra5 Bb3 54. Kd2 d5 55. exd5 h3 56. g3 Kb6 57. d6 1-0